书目信息 |
| 题名: |
农作物生产技术
|
|
| 作者: | 肖君泽 主编 | |
| 分册: | 南方本 | |
| 出版信息: | 北京 高等教育出版社 2002 |
|
| 页数: | 305页 | |
| 开本: | 26cm | |
| 丛书名: | ||
| 单 册: | ||
| 中图分类: | S5 | |
| 科图分类: | ||
| 主题词: | 作物--栽培--中等专业教育--教材 , 作物 | |
| 电子资源: | ||
| ISBN: | 7-04-010362-1 | |
| 000 | 00854nam0 2200265 450 | |
| 001 | 012015000206 | |
| 005 | 20150914161731.25 | |
| 010 | @a7-04-010362-1@dCNY27.10 | |
| 100 | @a20020702d2002 em y0chiy0110 ea | |
| 101 | 0 | @achi |
| 102 | @aCN@b110000 | |
| 105 | @ay z 000yy | |
| 106 | @ar | |
| 200 | 1 | @a农作物生产技术@Anong zuo wu sheng chan ji shu@i南方本@f肖君泽主编 |
| 210 | @a北京@c高等教育出版社@d2002 | |
| 215 | @a305页@d26cm | |
| 300 | @a中等职业教育国家规划教材 种植专业 | |
| 304 | @a全国中等职业教育教材审定委员会审定 | |
| 330 | @a本书共分14章,主要内容为我国南方农作物的种植制度,适于南方种植的11种主要作物,以及农作物种子生产技术和引种等。 | |
| 606 | 0 | @a作物@x栽培@x中等专业教育@j教材 |
| 606 | 0 | @a作物 |
| 690 | @aS5@v5 | |
| 701 | 0 | @a肖君泽@Axiao jun ze@4主编 |
| 801 | 0 | @aCN@b碧洲教育@c20150716 |
| 905 | @a10447@f4@dS5@e59 | |
| 农作物生产技术.南方本/肖君泽主编.-北京:高等教育出版社,2002 |
| 305页;26cm |
| 中等职业教育国家规划教材 种植专业 |
| ISBN 7-04-010362-1:CNY27.10 |
| 本书共分14章,主要内容为我国南方农作物的种植制度,适于南方种植的11种主要作物,以及农作物种子生产技术和引种等。 |
| ● |
| 相关链接 |
|
|
|
|
正题名:农作物生产技术
索取号:S5/59
 
预约/预借
| 序号 | 登录号 | 条形码 | 馆藏地/架位号 | 状态 | 备注 |
| 1 | 0870259 | 208702590 | 第二样本阅览室/ [索取号:S5/59] | 在馆 | |
| 2 | 0870260 | 208702607 | 第三借阅区/ [索取号:S5/59] | 在馆 | |
| 3 | 0870261 | 208702616 | 第三借阅区/ [索取号:S5/59] | 在馆 | |
| 4 | 0870262 | 208702625 | 密集书库-生命科学系/ [索取号:S5/59] | 在馆 |